书目信息 |
| 题名: |
《李自成》评论集
|
|
| 作者: | ;武汉师范学院中文系长江文艺编辑部 编 | |
| 分册: | ||
| 出版信息: | 武汉 湖北人民出版社 1978 |
|
| 页数: | 313页 | |
| 开本: | 19cm | |
| 丛书名: | ||
| 单 册: | ||
| 中图分类: | I206.5 | |
| 科图分类: | ||
| 主题词: | 文学--中国 | |
| 电子资源: | ||
| ISBN: | ||
| 000 | 00774nam0 2200241 45 | |
| 001 | 0178003656 | |
| 005 | 20060820100057.89 | |
| 010 | @dCNY0.59 | |
| 091 | @a10106.796 | |
| 100 | @a19950724d1978 em y0chiy0121 ea | |
| 101 | 0 | @achi |
| 102 | @aCN@b420000 | |
| 105 | @ay r 000zy | |
| 200 | 12 | @a《李自成》评论集@Ali zi cheng ping lun ji@f武汉师范学院中文系《长江文艺》编辑部编 |
| 210 | @a武汉@c湖北人民出版社@d1978 | |
| 215 | @a313页@d19cm | |
| 517 | 1 | @a李自成评论集@Ali zi cheng ping lun ji |
| 605 | @a李自成@x文学评论@x文集 | |
| 606 | 0 | @a文学@x中国 |
| 690 | @aI206.5@v3 | |
| 711 | 02 | @a武汉师范学院中文系长江文艺编辑部@Awu han shi fan xue yuan zhong wen xichang jiang wen yi bian ji bu@4编 |
| 801 | 0 | @aCN@bNLC@c20060820 |
| 905 | @f1@b4288@dI206.5@e19@b21499@f1 | |
| 《李自成》评论集/武汉师范学院中文系《长江文艺》编辑部编.-武汉:湖北人民出版社,1978 |
| 313页;19cm |
| ISBN :CNY0.59 |
| ● |
| 相关链接 |
|
|
|
|
正题名:《李自成》评论集
索取号:I206.5/19
 
预约/预借
| 序号 | 登录号 | 条形码 | 馆藏地/架位号 | 状态 | 备注 |
| 1 | 0004285 | 000051124 | 第二借阅区/ [索取号:I206.5/19] | 在馆 | |
| 2 | 0004287 | 202465297 | 第一样本阅览室/ [索取号:I206.5/19] | 在馆 | |
| 3 | 0004288 | 001897530 | 密集书库/ [索取号:I206.5/19] | 在馆 | |
| 4 | 0021499 | 001897503 | 密集书库/ [索取号:I206.5/19] | 在馆 | |
| 5 | 0470134 | 204701340 | 密集书库/ [索取号:I206.5/19] | 在馆 |